نشوار المحاضرة وأخبار المذاكرة / (رقم التسجيلة. 178661)

تفاصيل مارك
000 -LEADER
fixed length control field 01425namaa22003131i 4500
003 - CONTROL NUMBER IDENTIFIER
control field EG-GICUC
005 - DATE AND TIME OF LATEST TRANSACTION
control field 20260223110810.0
008 - FIXED-LENGTH DATA ELEMENTS--GENERAL INFORMATION
fixed length control field 260223m19711973xx ah||jr|||| 000 0 ara d
040 ## - CATALOGING SOURCE
Original cataloging agency EG-GiCUC
Language of cataloging ara
Transcribing agency EG-GiCUC
Modifying agency EG-GiCUC
Description conventions rda
043 ## - GEOGRAPHIC AREA CODE
Geographic area code a-iq---
082 04 - DEWEY DECIMAL CLASSIFICATION NUMBER
Edition number 21
Classification number 818.5102
Item number T169
092 04 - LOCALLY ASSIGNED DEWEY CALL NUMBER (OCLC)
Edition number 21
Classification number 818.5102
Item number T169
099 ## - LOCAL FREE-TEXT CALL NUMBER (OCLC)
Classification number 818.5102 T169
100 1# - MAIN ENTRY--PERSONAL NAME
Personal name التنوخى، المحسن بن على،
Dates associated with a name 940-994
Relator term مؤلف.
245 1# - TITLE STATEMENT
Title نشوار المحاضرة وأخبار المذاكرة /
Statement of responsibility, etc. تأليف القاضى آبى على المحسن بن على التنوخى ؛ تحقيق عبود الشالجى
246 1# - VARYING FORM OF TITLE
Title proper/short title The table-Talk of a Mesopotamian Judge : Being the first part of the Nishwar al-Muhadarah
264 ## - PRODUCTION, PUBLICATION, DISTRIBUTION, MANUFACTURE, AND COPYRIGHT NOTICE
Place of production, publication, distribution, manufacture مكان النشر غير محدد :
Name of producer, publisher, distributor, manufacturer الناشر غير محدد،
Date of production, publication, distribution, manufacture, or copyright notice 1971-1973
300 ## - PHYSICAL DESCRIPTION
Extent ؛ 8 مجلدات
Dimensions 24 سم
Other physical details إيضاحيات، صور، مثيليات ؛ Illustrations
336 ## - CONTENT TYPE
Source rdacontent
Content type term text
337 ## - MEDIA TYPE
Source rdamedia
Media type term Unmediated
338 ## - CARRIER TYPE
Source rdacarrier
Carrier type term volume
504 ## - BIBLIOGRAPHY, ETC. NOTE
Bibliography, etc. note يشتمل على ارجاعات ببليوجرافية
541 ## - IMMEDIATE SOURCE OF ACQUISITION NOTE
Source of acquisition د. جابر عصفور ؛
Address القاهرة ؛
Method of acquisition إهداء ؛
Date of acquisition 2024.
650 17 - SUBJECT ADDED ENTRY--TOPICAL TERM
Topical term or geographic name entry element التاريخ الاسلامى
General subdivision قصص وحكايات
Source of heading or term qrmak
651 1# - SUBJECT ADDED ENTRY--GEOGRAPHIC NAME
Source of heading or term qrmak
Geographic name العراق
General subdivision قصص وحكايات
700 1# - ADDED ENTRY--PERSONAL NAME
Personal name الشالجى، عبود
Relator term محقق.
905 ## - Cataloger and Reviser Names
Cataloger Name Huda
942 ## - ADDED ENTRY ELEMENTS (KOHA)
Source of classification or shelving scheme Dewey Decimal Classification
Koha item type Books
Edition 21
Suppress in OPAC No
المقتنيات
Withdrawn status Lost status Source of classification or shelving scheme Damaged status Not for loan Home library Current library Date acquired Inventory number Total checkouts Full call number Barcode Date last seen Price effective from Koha item type
    Dewey Decimal Classification   Not for loan المكتبة المركزبة الجديدة - جامعة القاهرة قاعة المكتبات المهداة - الدور الرابع 23.02.2026 175118   818.5102 T169 v.1 J.U. 01000100175118001 23.02.2026 23.02.2026 Books
    Dewey Decimal Classification   Not for loan المكتبة المركزبة الجديدة - جامعة القاهرة قاعة المكتبات المهداة - الدور الرابع 23.02.2026 175118   818.5102 T169 v.2 J.U. 01000100175118002 23.02.2026 23.02.2026 Books
    Dewey Decimal Classification   Not for loan المكتبة المركزبة الجديدة - جامعة القاهرة قاعة المكتبات المهداة - الدور الرابع 23.02.2026 175118   818.5102 T169 v.3 J.U. 01000100175118003 23.02.2026 23.02.2026 Books
    Dewey Decimal Classification   Not for loan المكتبة المركزبة الجديدة - جامعة القاهرة قاعة المكتبات المهداة - الدور الرابع 23.02.2026 175118   818.5102 T169 v.4 J.U. 01000100175118004 23.02.2026 23.02.2026 Books
    Dewey Decimal Classification   Not for loan المكتبة المركزبة الجديدة - جامعة القاهرة قاعة المكتبات المهداة - الدور الرابع 23.02.2026 175118   818.5102 T169 v.5 J.U. 01000100175118005 23.02.2026 23.02.2026 Books
    Dewey Decimal Classification   Not for loan المكتبة المركزبة الجديدة - جامعة القاهرة قاعة المكتبات المهداة - الدور الرابع 23.02.2026 175118   818.5102 T169 v.6 J.U. 01000100175118006 23.02.2026 23.02.2026 Books
    Dewey Decimal Classification   Not for loan المكتبة المركزبة الجديدة - جامعة القاهرة قاعة المكتبات المهداة - الدور الرابع 23.02.2026 175118   818.5102 T169 v.7 J.U. 01000100175118007 23.02.2026 23.02.2026 Books
    Dewey Decimal Classification   Not for loan المكتبة المركزبة الجديدة - جامعة القاهرة قاعة المكتبات المهداة - الدور الرابع 23.02.2026 175118   818.5102 T169 v.8 J.U. 01000100175118008 23.02.2026 23.02.2026 Books
Cairo University Libraries Portal Implemented & Customized by: Eng. M. Mohamady Contacts: new-lib@cl.cu.edu.eg | cnul@cl.cu.edu.eg
CUCL logo CNUL logo
© All rights reserved — Cairo University Libraries
CUCL logo
Implemented & Customized by: Eng. M. Mohamady Contact: new-lib@cl.cu.edu.eg © All rights reserved — New Central Library
CNUL logo
Implemented & Customized by: Eng. M. Mohamady Contact: cnul@cl.cu.edu.eg © All rights reserved — Cairo National University Library